Decodificatore dell'Antica Roma - Statistics

Statistiche generali
  • Questo quiz è stato fatto 57 volte
  • Il punteggio medio è 10 su 19
Statistiche sulle risposte
Indizio Risposta % Corretto
C Attraversò il Rubicone (cognomen) Cesare
89%
A Re degli Unni che quasi distrusse Roma Attila
87%
G Fu crocifisso durante il principato di Tiberio Gesù
78%
E Cittadine distrutte dal Vesuvio: Pompei e...? Ercolano
76%
A Il Colosseo è questo tipo di monumento Anfiteatro
73%
E Provincia romana con Alessandria come capitale Egitto
71%
N Pare che suonò la lira mentre Roma bruciava (agnomen) Nerone
71%
E Poema epico che racconta delle origini di Roma Eneide
67%
T Alleanza politica fra Augusto, Marco Antonio e Lepido Triumvirato
64%
O Autore de "Le metaformosi" (nomen) Ovidio
53%
L Termine utilizzato per definire un ex-schiavo Liberto
51%
H Nome latino della penisola Iberica Hispania
42%
D Remota provincia orientale conquistata da Traiano Dacia
40%
R Tradizionalmente considerato l'ultimo Imperatore Romolo Augustolo
40%
S Corrente filosofica di Marco Aurelio ed Epitteto Stoicismo
38%
Carthago delenda est
29%
D Confine settentrionale dell'Impero oltre al Reno Danubio
29%
T Foresta dove Varo "perse" le legioni di Augusto Teutoburgo
29%
A Capitale della Siria romana Antiochia
22%
Nessun quiz corrispondente trovato
Distribuzione punteggi
Percentuale di utenti per punteggio
Percentile per numero di risposta
I tuoi punteggi nel tempo
Non hai fatto questo quiz